000 00472nam a2200145Ia 4500
008 090124s9999 xx 000 0 und d
082 _b401217
245 _a अंधारातून प्रकाशाकडे
250 _a1
260 _bकाळे शैलजा.
_c1979
300 _a120
630 _a अंधारातून प्रकाशाकडे
730 _a अंधारातून प्रकाशाकडे
942 _cBOOK
999 _c197601
_d197601